lyrics to 24k magic by bruno mars - Statistics

General Stats
  • This quiz has been taken 40 times
  • The average score is 263 of 420
Answer Stats
Lyrics % Correct
i
96%
in
96%
the
96%
a
93%
air
93%
four
93%
magic
93%
to
93%
twenty
93%
yo
93%
you
93%
do?
85%
do
85%
karat
85%
up
85%
what
85%
so
81%
your
81%
moon
78%
player
78%
it
74%
just
74%
look
74%
party
74%
put
74%
sky
74%
trying
74%
girls
70%
lets
70%
take
70%
tonight
70%
out
67%
want
67%
be
63%
head
63%
on
63%
pinky
63%
players
63%
set
63%
show
63%
this
63%
time
63%
toe
63%
too
63%
dangerous
59%
guess
59%
im
59%
man
59%
shit
59%
some
59%
they
59%
whos
59%
again
56%
and
56%
back
56%
go
56%
its
56%
me
56%
money
56%
my
56%
oh
56%
pocket
56%
hands
52%
pretty
52%
rings
52%
as
48%
dont
48%
right
48%
throw
48%
we
48%
with
48%
ya
48%
higher
44%
hurt
44%
know
44%
many
44%
might
44%
off
44%
pop
44%
yall
44%
around
41%
bad
41%
bitches
41%
can
41%
come
41%
get
41%
hard
41%
like
41%
shoes
41%
walk
41%
aint
37%
ass
37%
bet
37%
cuban
37%
designer
37%
everywhere
37%
finest
37%
ooh
37%
that
37%
ugly
37%
whats
37%
blues
33%
for
33%
friends
33%
give
33%
links
33%
soon
33%
wearing
33%
face
30%
feeling
30%
fix
30%
got
30%
inglewood's
30%
mad
30%
now
30%
red
30%
sound
30%
waking
30%
why
30%
blessed
26%
down
26%
first
26%
hey
26%
jesus
26%
minks
26%
only
26%
rocket
26%
spend
26%
uh
26%
watch
26%
color
22%
fault
22%
fight
22%
gotta
22%
hashtag
22%
how
22%
invite
22%
preach
22%
second
22%
break
19%
dip
19%
em
19%
fresh
19%
gangstas
19%
jocking
19%
known
19%
pimp
19%
yaself
19%
blame
15%
hustlas
15%
ready
15%
sip
15%
verse
15%
No matching quizzes found
Score Distribution
Percent of People with Each Score
Percentile by Number Answered
Your Score History
You have not taken this quiz